000 00897nac a22002777a 4500
001 BR7803265
003 BR-BrBNA
005 20240105114224.0
008 230509b bl.|||m| |||| 00| 0 por d
040 _aBR-BrBNA
_bpor
_cBiblioteca Nacional de Agricultura
072 _aF10
090 _aF10 BR7803265
110 1 _aInstituto Nacional de Meteorologia, Rio de Janeiro, RJ (Brasil)
_96488
245 1 _aBoletim agroclimatologico [Temperatura; Precipitacao pluvial; Brasil]
260 3 _aRio de Janeiro, RJ (Brasil):
_cAug 1978.
300 _a22 p.
490 _aBoletim Agroclimatologico - Instituto Nacional de Meteorologia (Brazil)
_v
_x
500 _aNumerical data
650 _aMeteorologia
650 _aClimatologia
650 _aTemperatura
650 _aPrecipitacao pluvial
650 _aGeada
909 _a202312
_bLúcia Elande
_c55
_dLúcia Elande
942 _2AGRIS
_n0
_cMS
999 _c268100
_d268100